[Event "ch-FRA Blitz Online Qual"]
[Site "Europe-Chess INT"]
[Date "2020.05.16"]
[Round "5"]
[White "Le Neindre, Yael"]
[Black "Druon, Thibault"]
[Result "0-1"]
[WhiteElo "1258"]
[BlackElo "1644"]
[WhiteFideId "551064260"]
[BlackFideId "45166510"]
[EventDate "2020.05.16"]

1. d4 Nf6 2. c4 g6 3. Nc3 d5 4. cxd5 Nxd5 5. e4 Nxc3 6. bxc3 Bg7 7. Nf3 O-O 8.
Bd3 c5 9. Be3 Qa5 10. Bd2 Qc7 11. Be3 Nc6 12. d5 Bxc3+ 13. Nd2 Bxa1 14. dxc6 Bg7
15. cxb7 Bxb7 16. O-O Rad8 17. Bc4 Bxe4 18. Nf3 Rxd1 19. Rxd1 Bxf3 20. gxf3 Rd8
21. Rxd8+ Qxd8 22. Bxc5 Qc7 23. Bxe7 Qxc4 24. Bf6 Bxf6 25. f4 Qxf4 26. h4 Bxh4
27. f3 Qg3+ 28. Kh1 Qxf3+ 29. Kh2 Bg3+ 30. Kg1 Qf2+ 31. Kh1 Qh2# 0-1

[Event "ch-FRA Blitz Online Qual"]
[Site "Europe-Chess INT"]
[Date "2020.05.16"]
[Round "5"]
[White "Fernandez, Jose"]
[Black "Langer, Karele"]
[Result "1-0"]
[WhiteElo "1597"]
[BlackElo "1282"]
[WhiteFideId "26088983"]
[BlackFideId "551017938"]
[EventDate "2020.05.16"]

1. e4 c5 2. Nc3 e6 3. f4 d5 4. Nf3 Nc6 5. a3 dxe4 6. Nxe4 Nf6 7. Neg5 h6 8. Nh3
Be7 9. d3 O-O 10. Be2 Bd7 11. Ne5 Nxe5 12. fxe5 Nd5 13. Bd2 f6 14. exf6 Rxf6 15.
c4 Nc7 16. Bc3 Rf8 17. Qd2 Bh4+ 18. g3 Bg5 19. Nxg5 Qxg5 20. Qxg5 hxg5 21. O-O-O
Rf7 22. Bh5 Rf2 23. Bg6 Raf8 24. h4 gxh4 25. Rxh4 R8f3 26. Rh7 Kf8 27. Bxg7+ Ke7
28. Be5+ Kd8 29. Rh8+ Ne8 30. Bf4 Rf1 31. Kd2 R1f2+ 32. Kc1 Rf1 33. Rxf1 Rxf1+
34. Kd2 Rf2+ 35. Kc3 1-0

[Event "ch-FRA Blitz Online Qual"]
[Site "Europe-Chess INT"]
[Date "2020.05.16"]
[Round "5"]
[White "Dimey-Gabert, Quentin"]
[Black "Dincov, Ioan"]
[Result "1-0"]
[WhiteElo "1758"]
[BlackElo "1549"]
[WhiteFideId "36090085"]
[BlackFideId "45118612"]
[EventDate "2020.05.16"]

1. d4 e5 2. dxe5 Nc6 3. Nf3 Qe7 4. g3 Nxe5 5. Bg2 Nxf3+ 6. Bxf3 Nf6 7. O-O c6 8.
Nc3 d5 9. Re1 Bh3 10. e4 dxe4 11. Nxe4 Nxe4 12. Rxe4 Be6 13. Bg4 Qd7 14. Qxd7+
Kxd7 15. Bxe6+ fxe6 16. Bf4 Bc5 17. Rae1 Rhe8 18. b4 Bb6 19. c4 Bc7 20. Rd1+ Ke7
21. Bxc7 Kf6 22. Rf4+ Kg6 23. Rd6 Rac8 24. Rd7 e5 25. Rff7 Rg8 26. Bxe5 Rcd8 27.
Rxg7+ Rxg7 28. Rxg7+ Kf5 29. Bc3 Rd3 30. Bb2 Rd2 31. g4+ Kf4 32. Bc1 Kf3 33.
Bxd2 h5 34. gxh5 b5 35. h6 bxc4 36. h7 c3 37. Bxc3 c5 38. h8=Q cxb4 39. Qf8+ Ke4
40. Re7+ Kd5 41. Qd8+ Kc6 42. Rc7+ Kb6 43. Qb8+ Ka6 44. Rxa7# 1-0

[Event "ch-FRA Blitz Online Qual"]
[Site "Europe-Chess INT"]
[Date "2020.05.16"]
[Round "5"]
[White "Quenehen, Nassim"]
[Black "Sithisak, William"]
[Result "0-1"]
[WhiteElo "1322"]
[BlackElo "1692"]
[WhiteFideId "45154198"]
[BlackFideId "45120749"]
[EventDate "2020.05.16"]

1. Nf3 c5 2. g3 Nc6 3. Bg2 g6 4. O-O Bg7 5. c3 Nf6 6. Qc2 O-O 7. d3 d6 8. Bg5
Bf5 9. e4 Bd7 10. Nbd2 h6 11. Be3 Ng4 12. h3 Nxe3 13. fxe3 Rc8 14. d4 cxd4 15.
exd4 Kh7 16. Rfe1 e6 17. e5 d5 18. g4 Na5 19. b4 Nc4 20. Nxc4 Rxc4 21. Qd3 Bb5
22. Qe3 Qc7 23. Rac1 a6 24. Bf1 Rc6 25. Bxb5 axb5 26. Rc2 Rc8 27. Rec1 Bf8 28.
g5 h5 29. h4 Bxb4 30. Qf4 Bf8 31. Nd2 Bg7 32. Nf3 b4 33. Qe3 bxc3 34. Nh2 Bf8
35. Nf1 Ba3 36. Re1 Rb6 37. Ng3 Rb2 38. Rec1 Rxc2 39. Rxc2 Bb4 40. Ne2 Kg8 41.
a3 Ba5 42. Kf2 Qc4 43. Kf3 Qb3 44. Qc1 Rc4 45. Ke3 Kf8 46. Kd3 Qb5 47. Ke3 Qb3
48. Kd3 Ke7 49. Nxc3 Bxc3 50. Rxc3 Rxc3+ 51. Qxc3 Qb1+ 52. Qc2 Qf1+ 53. Qe2
Qxe2+ 54. Kxe2 Kd7 55. Kd3 Kc6 56. Kc3 Kb5 57. Kb3 Ka5 58. a4 b5 59. axb5 Kxb5
60. Kc3 Ka4 61. Kc2 Kb4 62. Kd3 Kb3 63. Ke3 Kc3 64. Kf4 Kxd4 65. Kf3 Kd3 66. Kf4
d4 67. Kf3 Kd2 68. Kf2 d3 69. Kf1 Kc2 70. Ke1 d2+ 71. Ke2 d1=Q+ 72. Ke3 Qd3+ 73.
Kf4 Qd2+ 74. Ke4 Qd5+ 75. Kf4 Kd3 76. Kg3 Ke3 77. Kh2 Qxe5+ 78. Kh1 Qe4+ 79. Kh2
Qf4+ 80. Kg1 Qf2+ 81. Kh1 Qe2 82. Kg1 Kf3 83. Kh1 Qg2# 0-1

[Event "ch-FRA Blitz Online Qual"]
[Site "Europe-Chess INT"]
[Date "2020.05.16"]
[Round "5"]
[White "Gouait, Raymond"]
[Black "Krajewski, Thomas"]
[Result "0-1"]
[WhiteElo "1566"]
[BlackElo "1273"]
[WhiteFideId "20621604"]
[BlackFideId "45103429"]
[EventDate "2020.05.16"]

1. d4 d5 2. c4 c6 3. Nc3 Nf6 4. Nf3 dxc4 5. e3 Bf5 6. Bxc4 e6 7. Bd3 Bg6 8. O-O
Be7 9. a3 Nbd7 10. b4 Nd5 11. Bb2 N7f6 12. Bxg6 hxg6 13. Ne5 Nd7 14. Nxd5 cxd5
15. Rc1 Nxe5 16. dxe5 O-O 17. Qd4 b6 18. Rc6 Rc8 19. Rfc1 Rxc6 20. Rxc6 Qd7 21.
Qc3 Bd8 22. Rd6 Qe7 23. Qc6 Qc7 24. Qxc7 Bxc7 25. Rd7 Bb8 26. g3 Rc8 27. Kg2 Kf8
28. b5 Bc7 29. a4 Ke8 30. Rxc7 Rxc7 31. Ba3 Rc3 32. Bd6 Rc4 33. Bb8 Rxa4 34. Kf3
Ra5 35. h3 a6 36. bxa6 Rxa6 37. Bd6 b5 38. Bb4 Ra4 39. Bc3 b4 40. Bd4 b3 41. Ke2
Ra2+ 42. Kd1 Rxf2 43. Kc1 Rf3 44. Kb2 Rxg3 45. h4 Rh3 46. Kxb3 Rxh4 47. Kb4 f6
48. Kc5 f5 49. Kd6 Kf7 50. Bb6 g5 51. Bd8 Rg4 52. Be7 f4 53. exf4 gxf4 54. Bd8
f3 55. Bb6 Rg2 56. Be3 f2 57. Bxf2 Rxf2 58. Kc5 g5 59. Kd4 g4 60. Ke3 g3 61. Kd3
g2 62. Ke3 g1=Q 63. Kd4 Qd1+ 64. Kc5 Rc2+ 65. Kd6 Qc1 66. Kd7 Rc7+ 67. Kd6 Qc6# 0-1

[Event "ch-FRA Blitz Online Qual"]
[Site "Europe-Chess INT"]
[Date "2020.05.16"]
[Round "5"]
[White "Minde, Baptiste"]
[Black "Kloss, Alexandre"]
[Result "1-0"]
[WhiteElo "1210"]
[BlackElo "1577"]
[WhiteFideId "45172110"]
[BlackFideId "36088617"]
[EventDate "2020.05.16"]

1. d4 Nf6 2. Nf3 c5 3. c3 cxd4 4. cxd4 d5 5. e3 g6 6. Bd3 Bg7 7. O-O O-O 8. Qb3
Nc6 9. Nc3 Bg4 10. Qxb7 Rc8 11. Bb5 Na5 12. Qa6 Bxf3 13. gxf3 Rb8 14. Bd2 Nc4
15. Bxc4 dxc4 16. Qxc4 Rxb2 17. Qd3 Qa8 18. Rab1 Rxb1 19. Rxb1 Qxf3 20. Qe2 Qh3
21. f3 Rc8 22. Qf1 Qxf1+ 23. Rxf1 Nd7 24. Rb1 Nb6 25. Kf2 Bh6 26. h3 Nc4 27. Ke2
Nxd2 28. Kxd2 Rc7 29. Rb8+ Kg7 30. Nd5 Rd7 31. Nc3 Rc7 32. Rb3 a5 33. Kd3 e6 34.
Ra3 1-0

[Event "ch-FRA Blitz Online Qual"]
[Site "Europe-Chess INT"]
[Date "2020.05.16"]
[Round "5"]
[White "Barrera, Armando"]
[Black "Rafalimanana, Hary"]
[Result "1-0"]
[WhiteElo "1486"]
[BlackElo "1238"]
[WhiteFideId "551036657"]
[BlackFideId "551039257"]
[EventDate "2020.05.16"]

1. d4 c5 2. d5 d6 3. c4 e6 4. e4 h6 5. Nc3 Nf6 6. f4 exd5 7. cxd5 Be7 8. Nf3 Qa5
9. Bd2 Qb6 10. a3 Bg4 11. Be2 Nbd7 12. O-O O-O 13. Kh1 Rac8 14. h3 Bxf3 15. Bxf3
Rc7 16. Be3 Rfc8 17. e5 dxe5 18. fxe5 Nxe5 19. Bf4 Bd6 20. a4 Qxb2 21. Nb5 Rd7
22. Rb1 Qa2 23. Nxd6 Rxd6 24. Bxe5 Rxd5 25. Bxd5 Rd8 26. Bxf6 Rxd5 27. Qg4 1-0

[Event "ch-FRA Blitz Online Qual"]
[Site "Europe-Chess INT"]
[Date "2020.05.16"]
[Round "5"]
[White "Drieu, Hugo"]
[Black "Albaladejo, Sylviane"]
[Result "1-0"]
[WhiteElo "1425"]
[BlackElo "1025"]
[WhiteFideId "45170738"]
[BlackFideId "20605218"]
[EventDate "2020.05.16"]

1. e4 e5 2. Nf3 Nc6 3. Bc4 Bc5 4. O-O Nf6 5. Re1 O-O 6. h3 Nd4 7. c3 Nxf3+ 8.
Qxf3 c6 9. Bb3 b5 10. Rd1 d6 11. d4 exd4 12. cxd4 Bb6 13. e5 dxe5 14. dxe5 Qxd1+
15. Qxd1 Ne4 16. Be3 Bxe3 17. fxe3 Be6 18. Bxe6 fxe6 19. Nc3 Nc5 20. Qd6 Ne4 21.
Qxe6+ Kh8 22. Nxe4 Rae8 23. Qd6 Rd8 24. Qc5 Rfe8 25. Nd6 Re7 26. Rf1 Rg8 27.
Nf7+ Rxf7 28. Rxf7 h6 29. Rf8 Kh7 30. Qc2+ Kh8 31. Rxg8+ Kxg8 32. Qg6 c5 33. Kf2
a5 34. Kf3 b4 35. Ke4 c4 36. Kd4 a4 37. Kxc4 b3 38. axb3 axb3 39. Kxb3 h5 40.
Kc4 h4 41. Kd5 Kf8 42. Ke6 Kg8 43. b4 Kf8 44. b5 Kg8 45. b6 Kh8 46. b7 Kg8 47.
b8=Q# 1-0

[Event "ch-FRA Blitz Online Qual"]
[Site "Europe-Chess INT"]
[Date "2020.05.16"]
[Round "5"]
[White "Paralieu, Emma"]
[Black "Kollar, Guillaume"]
[Result "1-0"]
[WhiteElo "1312"]
[BlackElo "1439"]
[WhiteFideId "45154163"]
[BlackFideId "36001732"]
[EventDate "2020.05.16"]

1. e4 c5 2. Nf3 d6 3. d4 cxd4 4. Qxd4 Nc6 5. Bb5 Bd7 6. Bxc6 bxc6 7. c4 c5 8.
Qd3 Nf6 9. Nc3 g6 10. b3 Bg7 11. Bb2 O-O 12. O-O Bg4 13. h3 Bxf3 14. Qxf3 e6 15.
Rad1 Qe7 16. Rd2 a6 17. Rfd1 Rfd8 18. Rd3 Ra7 19. Na4 e5 20. Nxc5 Qc7 21. Na4
Nh5 22. c5 Nf4 23. R3d2 Ne6 24. cxd6 Qa5 25. Bc3 1-0

[Event "ch-FRA Blitz Online Qual"]
[Site "Europe-Chess INT"]
[Date "2020.05.16"]
[Round "5"]
[White "Inventar, Alexandre"]
[Black "Rieger, Emmanuel"]
[Result "1-0"]
[WhiteElo "1437"]
[BlackElo "1306"]
[WhiteFideId "36054100"]
[BlackFideId "551000091"]
[EventDate "2020.05.16"]

1. e4 d6 2. d4 Bd7 3. Nc3 e5 4. dxe5 dxe5 5. Nf3 Nf6 6. Bg5 Bc5 7. Nxe5 h6 8.
Bf4 O-O 9. Bc4 Be6 10. Bxe6 fxe6 11. O-O Bd6 12. Bg3 Nbd7 13. Ng6 Rf7 14. e5 Kh7
15. exd6 Kxg6 16. dxc7 Qc8 17. Re1 e5 18. Qd6 Qf8 19. Rad1 Nc5 20. Qxe5 Rc8 21.
Nd5 Nfd7 22. Qd4 b6 23. b4 1-0

[Event "ch-FRA Blitz Online Qual"]
[Site "Europe-Chess INT"]
[Date "2020.05.16"]
[Round "5"]
[White "Frazao, Pascal"]
[Black "Giblin, Martin"]
[Result "0-1"]
[WhiteElo "1165"]
[BlackElo "1428"]
[WhiteFideId "45127557"]
[BlackFideId "45187053"]
[EventDate "2020.05.16"]

1. d4 f5 2. e3 Nf6 3. Nf3 e6 4. c4 c6 5. c5 d5 6. Bd3 Be7 7. O-O O-O 8. Ne5 Nbd7
9. Nxd7 Bxd7 10. Nd2 b6 11. cxb6 axb6 12. Nf3 Ne4 13. Bxe4 fxe4 14. Ne5 Bd6 15.
Nxd7 Qxd7 16. b3 Qc7 17. a4 Bxh2+ 18. Kh1 Bd6 19. g3 Rf6 20. Ba3 Raf8 21. Bxd6
Qxd6 22. Kg2 e5 23. Qe2 exd4 24. exd4 Qb4 25. Rab1 Qxd4 26. Rbc1 c5 27. Rc2 e3
28. f3 Qe5 29. f4 Qe4+ 30. Kh2 Rh6+ 31. Kg1 Qh1# 0-1

[Event "ch-FRA Blitz Online Qual"]
[Site "Europe-Chess INT"]
[Date "2020.05.16"]
[Round "5"]
[White "Vanneste, Axel"]
[Black "Fronius, Lino"]
[Result "1-0"]
[WhiteElo "1413"]
[BlackElo "1313"]
[WhiteFideId "36020192"]
[BlackFideId "36050083"]
[EventDate "2020.05.16"]

1. e4 e5 2. Bc4 Bc5 3. Nf3 d6 4. c3 Bg4 5. Qb3 Qe7 6. Qxb7 Qd8 7. Qxa8 Nf6 8.
Qb7 Nbd7 9. Bb5 O-O 10. d4 Bxf3 11. dxc5 Bxe4 12. Qxa7 Nxc5 13. O-O Qc8 14. Be3
Ne6 15. Nd2 Bg6 16. Qa3 Qb7 17. Bc4 Nh5 18. Qb3 Qc8 19. Bd5 Nef4 20. Bxf4 Nxf4
21. Bf3 Qf5 22. Ne4 1-0

[Event "ch-FRA Blitz Online Qual"]
[Site "Europe-Chess INT"]
[Date "2020.05.16"]
[Round "5"]
[White "Richard, Maxime"]
[Black "Mirguet, Ulysse"]
[Result "0-1"]
[WhiteElo "1436"]
[BlackElo "1105"]
[WhiteFideId "20643411"]
[BlackFideId "36044300"]
[EventDate "2020.05.16"]

1. d4 Nf6 2. c4 c6 3. Nf3 d5 4. Nc3 Bg4 5. Ne5 e6 6. Nxg4 Nxg4 7. e4 Qf6 8. Qxg4
Qxd4 9. Be3 Qxe4 10. Nxe4 dxe4 11. Qxe4 Bb4+ 12. Bd2 Bxd2+ 13. Kxd2 Na6 14. a3
O-O-O+ 15. Kc2 Nc5 16. Qg4 g6 17. b4 Nd7 18. Bd3 Ne5 19. Qf3 Nxf3 20. gxf3 Rd4
21. Rad1 Rhd8 22. Rhe1 Kc7 23. b5 c5 24. a4 b6 25. Be2 Rh4 26. Rxd8 Kxd8 27.
Rd1+ Kc7 28. Rh1 Kd6 29. Kd3 Ke5 30. Ke3 f5 31. h3 Rd4 32. a5 f4# 0-1

[Event "ch-FRA Blitz Online Qual"]
[Site "Europe-Chess INT"]
[Date "2020.05.16"]
[Round "5"]
[White "Gatineau, Milann"]
[Black "Rigaud-Retourne, Mael"]
[Result "1-0"]
[WhiteElo "1390"]
[BlackElo "1103"]
[WhiteFideId "36044199"]
[BlackFideId "45167478"]
[EventDate "2020.05.16"]

1. d4 Nf6 2. Bf4 g6 3. Nf3 Bg7 4. Nc3 d6 5. e3 Bg4 6. Bd3 O-O 7. h3 Bxf3 8. Qxf3
Nc6 9. O-O e5 10. dxe5 dxe5 11. Bg3 Re8 12. e4 Nd4 13. Qe3 Qd6 14. Rad1 Nc6 15.
Bc4 Qe7 16. Bb5 Qe6 17. Nd5 Rac8 18. Bc4 Na5 19. Bd3 b6 20. b4 Nc6 21. Bb5 Red8
22. Bc4 Qe8 23. Bh4 a5 24. Bxf6 Bxf6 25. Nxf6+ 1-0

[Event "ch-FRA Blitz Online Qual"]
[Site "Europe-Chess INT"]
[Date "2020.05.16"]
[Round "5"]
[White "Chen, Zhiyue Dashan"]
[Black "Le Cainec, Erwan"]
[Result "1-0"]
[WhiteElo "1119"]
[BlackElo "1052"]
[WhiteFideId "551034930"]
[BlackFideId "36089583"]
[EventDate "2020.05.16"]

1. e4 c5 2. Nf3 Nc6 3. d4 cxd4 4. Nxd4 g6 5. Nc3 Bg7 6. Nxc6 bxc6 7. Bf4 Nf6 8.
Bc4 O-O 9. O-O d5 10. exd5 Bb7 11. dxc6 Bxc6 12. Qxd8 Raxd8 13. Rad1 Rxd1 14.
Rxd1 Ne4 15. Nxe4 Bxe4 16. c3 Bf5 17. h3 e5 18. Be3 e4 19. Bxa7 Ra8 20. Be3 h6
21. Bd4 Rd8 22. Be2 Ra8 23. Bxg7 Kxg7 24. Bc4 h5 25. Bb3 Rb8 26. c4 Re8 27. Re1
g5 28. f3 g4 29. fxe4 Bxe4 30. hxg4 hxg4 31. Bc2 f5 32. Bxe4 fxe4 33. Kf2 Rf8+
34. Ke3 Re8 35. Kd4 Kf6 36. Rxe4 Rd8+ 37. Kc3 Kf5 38. Rd4 Re8 39. Rd2 Re3+ 40.
Kd4 Re4+ 41. Kc5 Re5+ 42. Kb4 Re1 43. a4 Re8 44. c5 Rb8+ 45. Kc3 Re8 46. b4 Re3+
47. Kc4 Re4+ 48. Kb5 Kf4 49. c6 Ke3 50. Ra2 Re5+ 51. Kb6 Re4 52. b5 Rb4 53. c7
Rc4 54. Kb7 Rc5 55. c8=Q Rxc8 56. Kxc8 Kf4 57. Kd7 Kg3 58. Ke6 Kh2 59. b6 g3 60.
b7 1-0

[Event "ch-FRA Blitz Online Qual"]
[Site "Europe-Chess INT"]
[Date "2020.05.16"]
[Round "5"]
[White "Assouane, Aksel"]
[Black "Zanin, Sylvie"]
[Result "1-0"]
[WhiteElo "1238"]
[BlackElo "1001"]
[WhiteFideId "45154708"]
[BlackFideId "45115532"]
[EventDate "2020.05.16"]

1. e4 e5 2. Nf3 Nc6 3. Bc4 d6 4. d3 Bg4 5. Nc3 Nf6 6. Bg5 Be7 7. Qd2 Nd4 8. Nxd4
exd4 9. Ne2 c5 10. f3 Bd7 11. b4 b5 12. Bb3 Rc8 13. Bxf6 Bxf6 14. Bd5 c4 15.
dxc4 bxc4 16. Nxd4 O-O 17. c3 Be6 18. Nxe6 fxe6 19. Bxe6+ Kh8 20. Bxc8 Qxc8 21.
Qxd6 Rd8 22. Qc5 Qe6 23. Ke2 Bxc3 24. Rad1 Rc8 25. Qa5 Qe7 26. Rd5 Bxb4 27. Qa6
Rf8 28. Rhd1 c3 29. Qd6 Bxd6 30. Rxd6 c2 31. Rc1 Qc7 32. Rd2 Qc4+ 33. Kf2 Qc3
34. Rdxc2 Qd4+ 35. Kf1 Qd3+ 36. Kf2 h6 37. Rc3 Qd4+ 38. Ke2 Qe5 39. g3 Qh5 40.
Kf2 Qxh2+ 41. Ke3 Qxg3 42. Rf1 Qg5+ 43. Ke2 Qb5+ 44. Ke1 Qb4 45. Kf2 Qxc3 46.
Kg3 Qf6 47. Rf2 Qg5+ 48. Kh2 Qh4+ 49. Kg1 Qg5+ 50. Kf1 Qg3 51. Ke2 Rb8 52. Ke3
Qg5+ 53. f4 Qg3+ 54. Rf3 Qe1+ 55. Kd4 Rd8+ 56. Ke5 Qa5+ 57. Ke6 Qxa2+ 58. Ke7
Rb8 59. e5 Qa3+ 60. Rxa3 Rb7+ 61. Kd8 Rf7 62. Ra4 Kh7 63. e6 Rf8+ 64. Ke7 Kg8
65. Rxa7 h5 66. Ra4 h4 67. f5 h3 68. Rh4 Ra8 69. f6 gxf6 70. Kxf6 Rf8+ 71. Ke5
Re8 72. Rxh3 Kg7 73. Rg3+ Kh6 74. Kf6 Kh5 75. Kf7 Ra8 76. e7 Ra7 77. Kf8 Ra8+
78. e8=Q+ Rxe8+ 79. Kxe8 Kh4 80. Rg8 Kh3 81. Kf7 Kh4 82. Kf6 Kh3 83. Kf5 Kh4 84.
Rg7 Kh3 85. Kf4 Kh2 86. Kf3 Kh1 87. Kf2 Kh2 88. Rh7# 1-0

[Event "ch-FRA Blitz Online Qual"]
[Site "Europe-Chess INT"]
[Date "2020.05.16"]
[Round "5"]
[White "Villevieille, Theo"]
[Black "Pernoud, Claire"]
[Result "0-1"]
[WhiteElo "1109"]
[BlackElo "1428"]
[WhiteFideId "45177970"]
[BlackFideId "663018"]
[EventDate "2020.05.16"]

1. e4 e5 2. Nf3 Nc6 3. Bc4 Be7 4. d4 exd4 5. Nxd4 d6 6. Nxc6 bxc6 7. O-O Nf6 8.
Re1 O-O 9. b3 Bb7 10. Bb2 Re8 11. Nd2 d5 12. Bf1 dxe4 13. Nxe4 Nxe4 14. Rxe4
Qxd1 15. Rxd1 c5 16. Rg4 g6 17. Bc4 Rad8 18. Rxd8 Rxd8 19. h3 Rd1+ 20. Kh2 Bc8
21. Rf4 Bd6 22. g3 Bxf4 23. gxf4 Rd2 24. Bd3 Rxf2+ 25. Kg3 Rd2 26. Bc3 Rd1 27.
Be2 Rg1+ 28. Kf2 Rh1 29. Kg2 Rc1 30. Bd3 Bb7+ 31. Kf2 Kf8 32. Bb2 Rh1 33. Kg3
Ke7 34. Ba3 Kd6 35. c4 Bc8 36. Be4 Rxh3+ 37. Kf2 f5 38. Bc2 Rh2+ 39. Ke3 Rxc2
40. Kd3 Rxa2 41. Bc1 Rh2 42. Be3 Rh3 43. Kd2 a5 44. Bg1 Rxb3 45. Kc2 Rb7 46. Bf2
Be6 47. Kc3 Rb4 48. Be1 Rxc4+ 49. Kb3 Rxf4+ 50. Kb2 Kd5 51. Bxa5 Kc4 52. Bxc7
Rf3 53. Be5 Kd3 54. Bc3 c4 55. Ba5 Ke2 56. Kc2 c3 57. Bxc3 Rxc3+ 58. Kxc3 h5 59.
Kd4 h4 60. Ke5 h3 61. Kf4 h2 62. Kg3 h1=Q 0-1

[Event "ch-FRA Blitz Online Qual"]
[Site "Europe-Chess INT"]
[Date "2020.05.16"]
[Round "5"]
[White "Porchel, Baptiste"]
[Black "Zanin, Clement"]
[Result "0-1"]
[WhiteElo "1104"]
[BlackElo "1327"]
[WhiteFideId "45193037"]
[BlackFideId "36066869"]
[EventDate "2020.05.16"]

1. e4 e5 2. Nf3 Nc6 3. Bc4 Bc5 4. d3 d6 5. h3 Be6 6. Bxe6 fxe6 7. Bg5 Nf6 8. Nc3
O-O 9. O-O Qe8 10. Nh4 h6 11. Bxf6 Rxf6 12. Qg4 Rf4 13. Qg3 Qh5 14. Ng6 Rf6 15.
Nh4 Raf8 16. Nf3 Rg6 17. Qh4 Qxf3 18. Kh1 Qxg2# 0-1

[Event "ch-FRA Blitz Online Qual"]
[Site "Europe-Chess INT"]
[Date "2020.05.16"]
[Round "5"]
[White "Fischler, Ines"]
[Black "Anas, Raphael"]
[Result "1-0"]
[WhiteElo "1129"]
[BlackElo "1421"]
[WhiteFideId "551033658"]
[BlackFideId "45115770"]
[EventDate "2020.05.16"]

1. e4 e5 2. Nf3 Nc6 3. Nc3 Bc5 4. Bb5 Nf6 5. O-O d6 6. d3 a6 7. Ba4 h6 8. h3 O-O
9. Re1 Be6 10. Bb3 Re8 11. Be3 Nd4 12. Bxd4 Bxd4 13. Nxd4 exd4 14. Ne2 c5 15. c3
dxc3 16. Nxc3 b5 17. Bxe6 fxe6 18. Qd2 d5 19. exd5 exd5 20. d4 c4 21. a3 Ra7 22.
Rad1 Rae7 23. Rxe7 Rxe7 24. Re1 Qe8 25. Rxe7 Qxe7 26. Qe3 Qxe3 27. fxe3 Kf7 28.
Kf2 Ke6 29. Kf3 Kf5 30. g4+ Kg5 31. Kg3 h5 32. gxh5 Kxh5 33. Kg2 Kh4 34. Kh2 g5
35. Kg2 g4 36. hxg4 Kxg4 37. Kf2 Kf5 38. Kf3 1-0

[Event "ch-FRA Blitz Online Qual"]
[Site "Europe-Chess INT"]
[Date "2020.05.16"]
[Round "5"]
[White "Mokrani, Romuhald"]
[Black "Molines, Martin"]
[Result "0-1"]
[WhiteElo "1358"]
[BlackElo "1033"]
[WhiteFideId "551061279"]
[BlackFideId "45191298"]
[EventDate "2020.05.16"]

1. d4 d5 2. Nf3 Nc6 3. c4 e6 4. Nc3 Bb4 5. Bf4 Nf6 6. Rc1 Ne4 7. e3 O-O 8. Be2
Nxc3 9. bxc3 Ba3 10. Rb1 b6 11. O-O Ba6 12. Qb3 dxc4 13. Bxc4 Bxc4 14. Qxc4 Na5
15. Qa4 Bd6 16. Bg5 Be7 17. Bf4 Bd6 18. Ne5 Bxe5 19. Bxe5 Qd7 20. Rbc1 Qxa4 0-1

[Event "ch-FRA Blitz Online Qual"]
[Site "Europe-Chess INT"]
[Date "2020.05.16"]
[Round "5"]
[White "Chevillon, Manon"]
[Black "Manvieu, Paul"]
[Result "1-0"]
[WhiteElo "1356"]
[BlackElo "1018"]
[WhiteFideId "45135690"]
[BlackFideId "651000482"]
[EventDate "2020.05.16"]

1. e4 e6 2. d4 d5 3. Nd2 dxe4 4. Nxe4 Nd7 5. Be3 Ngf6 6. Nxf6+ Nxf6 7. Nf3 g6 8.
Bd3 Bg7 9. h3 O-O 10. Qd2 b6 11. Bh6 Bb7 12. Bxg7 Kxg7 13. O-O-O Bxf3 14. gxf3
Qxd4 15. Kb1 a5 16. h4 a4 17. h5 Rfd8 18. Rdg1 Kf8 19. hxg6 fxg6 20. Qh6+ Ke8
21. a3 Qxf2 22. Qg7 Nd5 23. Rxh7 Qxg1+ 24. Ka2 Nb4+ 25. axb4 Qa1+ 26. Kxa1 1-0

[Event "ch-FRA Blitz Online Qual"]
[Site "Europe-Chess INT"]
[Date "2020.05.16"]
[Round "5"]
[White "Muller, Lorelei"]
[Black "Courcelle, Victor"]
[Result "0-1"]
[WhiteElo "1541"]
[BlackElo "1314"]
[WhiteFideId "20669208"]
[BlackFideId "45177392"]
[EventDate "2020.05.16"]

1. e4 c5 2. Nf3 Nc6 3. c3 Nf6 4. Bd3 e6 5. Bc2 Be7 6. O-O O-O 7. d3 d5 8. exd5
exd5 9. Be3 Re8 10. Re1 Bg4 11. h3 Bh5 12. Nbd2 d4 13. cxd4 cxd4 14. Bf4 Bd6 15.
Bxd6 Qxd6 16. Ne4 Nxe4 17. Rxe4 Rxe4 18. dxe4 Ne5 19. g4 Nxf3+ 20. Qxf3 Bg6 21.
Rd1 Qe5 22. Bb3 Qxe4 23. Qxe4 Bxe4 24. Rxd4 Bg6 25. Rd7 b6 26. Bd5 Re8 27. Rxa7
h6 28. Ra8 Rxa8 29. Bxa8 h5 30. Bf3 hxg4 31. hxg4 Bb1 32. a3 f6 33. Be2 Kf7 34.
f4 Ke6 35. Bc4+ Kd6 36. b3 Ba2 37. a4 Kc5 38. Kf2 Kb4 39. Ke3 Bxb3 40. Bb5 Bxa4
41. Bxa4 Kxa4 42. Kd2 b5 43. Kc2 Ka3 44. Kb1 b4 45. g5 fxg5 46. fxg5 g6 47. Ka1
b3 48. Kb1 b2 0-1

[Event "ch-FRA Blitz Online Qual"]
[Site "Europe-Chess INT"]
[Date "2020.05.16"]
[Round "5"]
[White "Negre, Maxime"]
[Black "Morand, Olivier"]
[Result "1-0"]
[WhiteElo "1105"]
[BlackElo "1009"]
[WhiteFideId "45187231"]
[BlackFideId "45104387"]
[EventDate "2020.05.16"]

1. e4 e5 2. Nf3 Nc6 3. Bc4 Nf6 4. d3 Bc5 5. Nc3 d5 6. exd5 Nd4 7. h3 Nxf3+ 8.
Qxf3 O-O 9. O-O Bd4 10. Bd2 Bd7 11. a3 b5 12. Bb3 Rb8 13. Rab1 b4 14. Ne4 Nxe4
15. dxe4 bxa3 16. bxa3 Bb5 17. Rfe1 Kh8 18. Be3 Bc3 19. Red1 Ba6 20. Bd2 Bxd2
21. Rxd2 f6 22. Rdd1 Qe7 23. Ra1 1-0

[Event "ch-FRA Blitz Online Qual"]
[Site "Europe-Chess INT"]
[Date "2020.05.16"]
[Round "6"]
[White "Vedmediuc, Serghei"]
[Black "Firouzja, Alireza"]
[Result "1-0"]
[WhiteTitle "IM"]
[BlackTitle "GM"]
[WhiteElo "2464"]
[BlackElo "2728"]
[WhiteFideId "13900790"]
[BlackFideId "12573981"]
[EventDate "2020.05.16"]

1. e4 Nc6 2. Nf3 d6 3. d4 Nf6 4. c3 g6 5. Bd3 Bg7 6. O-O O-O 7. Re1 e5 8. d5 Ne7
9. c4 Nh5 10. Nc3 Nf4 11. Bxf4 exf4 12. Qd2 f5 13. exf5 Nxf5 14. Ne4 h6 15. h3
g5 16. c5 dxc5 17. Rac1 b6 18. b4 cxb4 19. Qxb4 Bb7 20. Bc4 Kh8 21. Bb3 a5 22.
Qc4 a4 23. Bxa4 Bxd5 24. Qc2 c5 25. Bb3 Bb7 26. Rcd1 Nd4 27. Nxd4 Bxd4 28. Nc3
f3 29. Nb5 Qf6 30. Nxd4 cxd4 31. g3 Rae8 32. Rxe8 Rxe8 33. Qc7 Bc8 34. Kh2 h5
35. Bc2 Qe7 36. Qxb6 Qe6 37. Qxd4+ Qe5 38. Qxe5+ Rxe5 39. Rd8+ Kg7 40. Rxc8 Re2
41. Bb3 Rxf2+ 42. Kh1 Rf1+ 43. Kh2 Rf2+ 44. Kg1 Rg2+ 45. Kf1 Rxg3 46. Be6 Kf6
47. Rc6 Ke5 48. a4 Rg2 49. a5 Kf4 50. a6 Rh2 51. Kg1 Kg3 52. Rc3 Rg2+ 53. Kh1
Re2 54. Rc1 Rxe6 55. Ra1 Re8 56. a7 Ra8 57. Ra3 Kf2 58. Kh2 h4 59. Ra2+ Ke1 60.
Kg1 Rxa7 61. Rxa7 f2+ 62. Kh2 f1=Q 63. Ra1+ Kf2 64. Ra2+ Qe2 65. Rb2 Qd2 66.
Rxd2+ Ke3 67. Rd5 1-0